000 00452 a2200145 4500
005 20250612113726.0
020 _a978 1 3986 1269 3
082 _a658.5 RUD
100 _aRUDD, J.
245 _aA Practical Guide to Logistics: An Introduction to Transport, Warehousing and Distribution.
250 _a2nd Ed.
260 _aBritain,
_bkoganPage,
_c2024.
300 _axvii, 397p.: ill.; figure, picture, table
_bIndex & References
_c25cm
942 _2ddc
_cBKS
999 _c3848
_d3848